000 00761nas a2200265 4500
001 BR2020000696
003 BR-BrBNA
005 20231205132054.0
007 ta
008 230509b bl.|||p| |||| 00| 00por d
040 _aBR-BrBNA
_bpor
_cBiblioteca Nacional de Agricultura
041 _a(Pt)
072 _aE10
100 1 _aPaulillo, L.F.
100 1 _aAlmeida, L.M. de
100 1 _aVieira, A.C.
245 1 _aCitricultura paulista: entraves institucionais e organizacionais
650 _aECONOMIA
650 _aCITRICULTURA
650 _aPRODUÇÃO
650 _aCOMERCIALIZAÇÃO
773 0 _tLaranja (Brazil)
_xISSN 0102-1907
_g(2006), v.27(2) p. 185-212
_wBR2020000696
909 _a202311
_bLúcia
_c55
_dLúcia Elande
942 _2AGRIS
_n0
_cANA
999 _c258313
_d258313